[Event "POL-chT2 South U19"]
[Site "Rudnik"]
[Date "2000.??.??"]
[Round "6.5"]
[White "Bartodziej, Aleksandra"]
[Black "Bablok, Beata"]
[Result "0-1"]
[WhiteElo "1800"]
[BlackElo "1600"]
[PlyCount "67"]
[EventDate "2000.07.20"]
[EventType "team-swiss"]
[EventRounds "10"]
[EventCountry "POL"]
[SourceTitle "EXT 2005"]
[Source "ChessBase"]
[SourceDate "2004.11.15"]
[SourceVersion "1"]
[SourceVersionDate "2004.11.15"]
[SourceQuality "1"]
[WhiteTeam "POL-chT2 South U19 2"]
[BlackTeam "POL-chT2 South U19 3"]
[WhiteTeamCountry "POL"]
[BlackTeamCountry "POL"]

1. e4 e5 2. Nc3 Nc6 3. Bc4 Nf6 4. d3 Bc5 5. Bg5 Bb4 6. Nge2 0-0 7. 0-0 a6 8. Nd5 Be7 9. Nxe7+ Qxe7 10. Nc3 Qd6 11. Kh1 b5 12. Bb3 Nd4 13. f4 exf4 14. Bxf4 Qb6 15. Be5 Nxb3 16. axb3 Ne8 17. Nd5 Qe6 18. Bxc7 Bb7 19. Bg3 Bxd5 20. exd5 Qxd5 21. c4 Qc6 22. Qf3 Qxf3 23. Rxf3 bxc4 24. bxc4 g6 25. b4 Ng7 26. Rf6 Ne6 27. Bd6 Rfc8 28. Raf1 Rc6 29. c5 Nd8 30. d4 Kg7 31. d5 Rcc8 32. Be7 Kh6 33. g4 Kg7 34. g5 0-1